国标麻将81番型 - Statistics

General Stats
  • This quiz has been taken 185 times
  • The average score is 43 of 81
Answer Stats
Hint Answer % Correct
24番 清一色
91%
88番 十三幺
89%
88番 大四喜
83%
88番 大三元
81%
24番 七对
77%
88番 九莲宝灯
76%
64番 字一色
75%
64番 四暗刻
75%
6番 混一色
74%
88番 绿一色
72%
64番 小四喜
72%
64番 小三元
70%
2番 断幺
68%
8番 杠上开花
67%
88番 四杠
65%
16番 三暗刻
63%
4番 不求人
63%
1番 自摸
63%
32番 三杠
60%
16番 清龙
60%
8番 海底捞月
60%
6番 全求人
58%
16番 一色三步高
56%
2番 门前清
56%
24番 七星不靠
55%
6番 三色三步高
55%
2番 平和
55%
24番 全大
54%
24番 全小
54%
8番 花龙
53%
8番 抢杠和
53%
6番 碰碰和
53%
4番 全带幺
53%
1番 缺一门
52%
64番 清幺九
51%
8番 三色三同顺
51%
32番 一色四步高
50%
32番 混幺九
50%
24番 全中
50%
12番 全不靠
50%
12番 大于五
50%
12番 小于五
50%
1番 无字
50%
24番 一色三同顺
49%
24番 一色三节高
49%
2番 圈风刻
49%
8番 三色三节高
48%
2番 门风刻
48%
2番 暗杠
48%
2番 箭刻
47%
1番 明杠
47%
88番 连七对
46%
48番 一色四同顺
46%
6番 五门齐
46%
1番 喜相逢
46%
1番 边张
46%
1番 花牌
46%
64番 一色双龙会
45%
16番 全带五
45%
2番 双暗刻
45%
1番 连六
45%
1番 坎张
45%
12番 组合龙
44%
8番 无番和
44%
1番 老少副
44%
48番 一色四节高
43%
4番 和绝张
43%
16番 三同刻
42%
8番 推不倒
42%
6番 双箭刻
42%
2番 双同刻
42%
1番 一般高
42%
1番 单钓将
42%
2番 四归一
41%
1番 幺九刻
41%
16番 三色双龙会
40%
12番 三风刻
39%
6番 双暗杠
38%
8番 妙手回春
37%
4番 双明杠
37%
24番 全双刻
34%
No matching quizzes found
Score Distribution
Percent of People with Each Score
Percentile by Number Answered
Your Score History
You have not taken this quiz